[Event "SWE-chT 0405"]
[Site "Sweden"]
[Date "2004.??.??"]
[Round "5"]
[White "Krantz, Christopher"]
[Black "Svenn, Matti"]
[Result "0-1"]
[WhiteElo "2177"]
[BlackElo "2287"]
[PlyCount "96"]
[EventDate "2004.11.05"]
[EventType "team-tourn"]
[EventRounds "11"]
[EventCountry "SWE"]
[SourceTitle "EXT 2006"]
[Source "ChessBase"]
[SourceDate "2005.11.24"]
[SourceVersion "1"]
[SourceVersionDate "2005.11.24"]
[SourceQuality "1"]
[WhiteTeam "Eksjo"]
[BlackTeam "Kamraterna"]
[WhiteTeamCountry "SWE"]
[BlackTeamCountry "SWE"]

1. e4 c5 2. Nc3 Nc6 3. Nge2 g6 4. g3 Bg7 5. Bg2 e6 6. d3 Nge7 7. 0-0 0-0 8. h3 Nd4 9. Nxd4 cxd4 10. Ne2 d6 11. c4 dxc3 12. bxc3 Bd7 13. Qb3 Qc7 14. Be3 Nc6 15. f4 Na5 16. Qa3 f5 17. Rab1 fxe4 18. Bxe4 Bc6 19. Bxc6 bxc6 20. Bd4 e5 21. fxe5 Rxf1+ 22. Rxf1 Bxe5 23. Bxe5 dxe5 24. g4 e4 25. dxe4 Re8 26. Qc5 Qb6 27. Qxb6 axb6 28. Ng3 Nc4 29. Rc1 Kf7 30. Kf2 Ke6 31. Nf1 Ke5 32. Ne3 Nd6 33. Re1 b5 34. Kf3 Rf8+ 35. Nf5 Nc4 36. Kg3 gxf5 37. exf5+ Kd5 38. Kf4 Ra8 39. f6 Rxa2 40. Kg5 Rf2 41. h4 Ne5 42. Kh5 Rxf6 43. g5 Rf4 44. Rh1 Ng6 45. Kh6 Rxh4+ 46. Rxh4 Nxh4 47. Kxh7 c5 48. Kh6 b4 0-1